| 000 | 00803nam a2200217Ia 4500 | ||
|---|---|---|---|
| 003 | GCL | ||
| 008 | 140319s9999 xx 000 0 ara d | ||
| 040 |
_aGCL / _cGCL |
||
| 082 | 0 | 4 |
_a811.4 _bد ش |
| 100 | 1 | _aدعبل الخزاعى : ابو على دعبل بن على بن رزين بن سليمان | |
| 245 | 1 | 0 |
_aشعر دعبل بن على الخزاعى / _cدعبل الخزاعى : ابو على دعبل بن على بن رزين بن سليمان |
| 700 | 1 | _aعبدالكريم الاشتر | |
| 260 |
_a[S.N] : _bمجمع اللغة العربية ، _c1983 |
||
| 300 | _a696 ص | ||
| 490 | _a | ||
| 650 | 0 | 4 | _aالشعر العربى |
| 650 | 0 | 4 | _aالادب العربى |
| 650 | 0 | 4 | _aدواوين وقصائد |
| 650 | 0 | 4 | _aدعبل بن على الخزاعى |
| 942 |
_2ddc _cBK |
||
| 999 |
_c33191 _d33191 |
||